Joueurs de A - Z - Statistiques

Statistiques générales
  • Ce quiz a été pris 112 fois
  • Le résultat moyen est 23 sur 26
Statistiques - réponses
Lettres Indices Joueur % Correct
R Portugais / 5 Ballons D'or / BU / GOAT Cristiano Ronaldo
100%
M Argentin / 8 Ballons d'Or / Attaquant Droit Lionel Messi
100%
L Polonais / Poing / Tik Tok / 9 Min Robert Lewandowski
99%
I Suèdois / Retournée / Milan AC Zlatan Ibrahimovic
99%
H Norvègien / Cyborg / Manchester City Erling Haaland
98%
S Egyptien / Frappes de Loin / Liverpool Mohames Salah
98%
V Brésilien / Racisme / Réal Madrid Vinicius Jr
98%
Z Français / 1 CDM / Juventus / Tête Zinedine Zidane
98%
U Français / Tête / Belgique / Démarche Samuel Umtiti
97%
Y Espagnol / Golden Boy / 19 Lamine Yamal
96%
N Brésilien / Bléssure / Carnaval / Dribble Neymar Jr
96%
C Français / Réal Madrid / MC Eduardo Camavinga
95%
X Espagnol / Retraite / FC Barcelone Xavi
95%
K Brésilien / 1 Ballon D'or / AC Milan / Retraite Kaka
94%
A Brésilien / Goal / Liverpool Alisson
93%
T Français / Real Madrid / 8 Aurélien Tchouameni
92%
E Brésilien / Goal / Manchester City Ederson
90%
G Français / Escargot / Retournée Olivier Giroud
86%
O Nigérian / Masque / Galatasaray Victor Osimhen
85%
F Colombien / Millonarios / 9 Falcao
84%
W Allemand / 17 / Bayer 04 Leverkusen Florian Wirtz
83%
D Français / Dribble / FLOP Ousmane Démbélé
82%
J Brésilien / Arsenal / 9 Gabriel Jesus
81%
P Français / Retraite / 10 Michel Platini
75%
B Anglais / 05 / "I'm On The Way" Jude Bellingham
49%
Q Suisse / FC Bavois / MC Dilan Qela
3%
Aucun quiz correspondant
Distribution des résultats
% des personnes avec chaque résultat
Percentile par nombre de réponses
Votre historique - résultats
Vous n’avez pas pris ce quiz